00574nam a22002177a 4500003000500000005001700005008004100022010001000063011001000073035001000083040000900093082001500102100002400117245004800141260002700189300001900216490003200235650002200267650003500289830003200324CHAP20220329140639.0971013s1976 r 00010 d a55318 a56290 a60443 cCHAP a972.3bS3Y00aSauer, Carl Ortwin. aColima de la Nueva España en el siglo XVI aMéxico :bJus,c1976 a124 p.b: mapa aColección peña colorada14aColimaxHistoria.14aMéxicoxHistoriaxConquista.0 aColección peña colorada